000
00189nam a2200085 4500
001
1258565
005
20260312194204.0
245
_a
NE DEMİŞ YUNUS EMRE
_c
FATMA BURÇAK
260
_b
CARPE DİEM
999
_c
1258565
_d
1258565